BIBLIOTECA Y CENTRO DE DOCUMENTACIÓN

Anchorage al sur (Registro nro. 14484)

Detalles MARC
000 -LEADER
fixed length control field 01071nmm a2200265 4500
005 - DATE AND TIME OF LATEST TRANSACTION
control field 20260321064057.0
008 - FIXED-LENGTH DATA ELEMENTS--GENERAL INFORMATION
fixed length control field 200923b2008 ag ||||| |||| 00| 0 spa d
040 ## - CATALOGING SOURCE
Original cataloging agency AR-MoUNM
041 ## - LANGUAGE CODE
Language code of text/sound track or separate title spa
082 0# - DEWEY DECIMAL CLASSIFICATION NUMBER
Edition number 20
Item number SCHL 338
100 1# - MAIN ENTRY--PERSONAL NAME
9 (RLIN) 5577
Personal name Schlaen, Carlos.
245 10 - TITLE STATEMENT
Title Anchorage al sur
Medium [recurso electrónico] /
Statement of responsibility, etc Carlos Schlaen ; ilustración, JImena Tello.
260 ## - PUBLICATION, DISTRIBUTION, ETC. (IMPRINT)
Place of publication, distribution, etc Buenos Aires :
Name of publisher, distributor, etc Ministerio de Educación,
Date of publication, distribution, etc 2008.
300 ## - PHYSICAL DESCRIPTION
Extent 1 recurso en línea (7 p.).
490 0# - SERIES STATEMENT
Series statement (Colección: "Escritores en escuelas")
500 ## - GENERAL NOTE
General note 2° ciclo.
505 0# - FORMATTED CONTENTS NOTE
Title “Anchorage al Sur” en el libro digital “Manzi para chicos”. Secretaría de Cultura de la Nación /
Statement of responsibility Carlos Schlaen.
650 #7 - SUBJECT ADDED ENTRY--TOPICAL TERM
Topical term or geographic name as entry element LITERATURA
Geographic subdivision ARGENTINA
Source of heading or term unescot
9 (RLIN) 1913
650 #7 - SUBJECT ADDED ENTRY--TOPICAL TERM
Topical term or geographic name as entry element CUENTO
Source of heading or term unescot
9 (RLIN) 185
650 #7 - SUBJECT ADDED ENTRY--TOPICAL TERM
Topical term or geographic name as entry element ENSEÑANZA PRIMARIA
Source of heading or term unescot
9 (RLIN) 667
653 ## - INDEX TERM--UNCONTROLLED
Uncontrolled term LITERATURA INFANTIL
700 1# - ADDED ENTRY--PERSONAL NAME
9 (RLIN) 18770
Personal name Tello, Jimena,
Dates associated with a name 1972-
Relator term il.
856 ## - ELECTRONIC LOCATION AND ACCESS
Uniform Resource Identifier <a href="http://planlectura.educ.ar/wp-content/uploads/2015/12/Anchorage-al-sur-Carlos-Schlaen.pdf">http://planlectura.educ.ar/wp-content/uploads/2015/12/Anchorage-al-sur-Carlos-Schlaen.pdf</a>
Link text Acceda al libro electrónico
942 ## - ADDED ENTRY ELEMENTS (KOHA)
Item type Libros electrónicos
Existencias
Withdrawn status Lost status Damaged status Not for loan Home library Current library Date acquired Total Checkouts Date last seen Uniform Resource Identifier Price effective from Koha item type
        Colección digital Colección digital 24/09/2020   24/09/2020 Acceda al libro electrónico 24/09/2020 Libros electrónicos
Biblioteca UNM
Universidad Nacional de Moreno
Av. Bme. Mitre Nº 1891 (B1744OHC) Moreno
Provincia de Buenos Aires, República Argentina
(0237) 460-9300 (líneas rotativas)
(011) 2078-9170 (líneas rotativas)
biblioteca@unm.edu.ar
Universidad del Bicentenario Argentino